Slotova nová láska? žilinský primátor oslavoval meniny so svojou mladou asistentkou, klebety o ich bližšom vzťahu však popiera

Bibliographic Details
Main Authors: Mikulcová, Monika (Author), Šelestiaková, Katarína (Author)
Format: Article
Language:Slovak
PhysicalDescription:Fotogr.
ISSN:1210-2040
Subjects:

MARC

LEADER 00000nab a2200000 a 4500
001 vtls000840938
003 SK-MaSNL
005 20260302165222.0
008 160322c2003 xo 0 slo
015 |a SNBRB2003/08-20885 
035 |a CLN000192593 
040 |a SNKBUCL  |b slo  |c SNKBUCL  |e AACR2 
041 0 |a slo 
044 |a xo  |c SK 
080 |a 32-051  |2 UDC-MRF-SK2 
080 |a 929 Slota, Ján  |2 UDC-MRF-SK2 
100 1 |a Mikulcová, Monika  |4 aut  |9 857116 
245 1 0 |a Slotova nová láska?  |b žilinský primátor oslavoval meniny so svojou mladou asistentkou, klebety o ich bližšom vzťahu však popiera  |c Monika Mikulcová, Katarína Šelestiaková 
300 |b Fotogr. 
600 1 7 |a Slota, Ján,  |d 1953-  |2 snkbucl  |9 103974 
655 7 |a články z novín a časopisov  |2 snkbucl  |9 267496 
700 1 |a Šelestiaková, Katarína  |4 aut  |9 839103 
773 0 |x 1210-2040  |t Plus 7 dní  |g Roč. 13, č. 28 (2003), s. 22-24 
850 |a Slovenská národná knižnica v Martine 
852 |a SNK  |b KIS3GCP 
958 |a BX 
958 |a RBX 
999 |c 1389213  |d 1391143